| 000 | 01031cam a22001814a 4500 | ||
|---|---|---|---|
| 005 | 20250605164342.0 | ||
| 008 | 250528s ||||||||||||||||||||||||d | ||
| 035 | _a23677 | ||
| 040 |
_aGR-AtMCL _bgre _dGR-AtMCL _eAACR2 |
||
| 245 | 1 | _aInternational and Strategic Growth./The Case of Rothenberger | |
| 260 | _c2009 | ||
| 300 | _a80 | ||
| 520 | _aIntroduction, International Strategy, Directions and Methods of Growth, Managing Global Mergers Acquisitions and Alliances, Strategies for Competing in Globalizing Markets, Globalization, Methodology, Research Philosophies Approach Strategy, Definition of the Problem, Data Collection, Sampling Strategy, Data Validity and Reliability, Research Ethics, Analysis and Results, Motives of Going International, Attractiveness of the Foreigh Market, Market Development, Product Development, Diversification, Conclusions, Reflection and Self Development, Appendix, References, Bibliography. | ||
| 700 | 1 |
_aGryparis Georgios _99259 |
|
| 942 | _cDS | ||
| 999 |
_c8661 _d8661 |
||